000 00901nam a2200205Ia 4500
001 15882
003 GE_BSU
008 181216s||||||||xx |||||||||||||| ||und||
040 _cGE_BSU
080 _a821.353.1+821.353.1-92
100 _aჭავჭავაძე, ი. (ილია, 1837-1907)
245 _aთხზულებათა სრული კრებული : 10 ტომად. ტ. 3
245 _cპ. ინგოროყვას რედ. [და შესავ. წერილით].მხ. დ. და ლ. ქუთათელაძეები
260 _aთბილისი
260 _bსახელგამი
260 _c1953
300 _a512 გვ.20 სმ.
653 _aწერილები ლიტერატურაზე და ხელოვნებაზე. პრესა. ფელეტონები
942 _cBK
999 _c48977
_d48977